00677nam a2200241 a 4500001001300000003000900013005001700022008004100039020001000080082001600090100001900106245002700125260003100152300000900183500003500192505001000227650001500237700001900252902000800271942000700279952013200286999001700418nice12345678IN_TiNIC20260116013349.0050524s0000 iraa grp 000 0 eng  ac10000a297.82bJOR aJordac, George aVoice of Human Justice aIran bAnsariyan Pubc0000 a507p aincludes index and biblioraphy2 aIndex aAli-Caliph1 aJordac, George bSRS cBK 001040708StackRoom-aHMIbHMId2007-06-28g100.00l1m1o297.82 JORp015941r2019-09-04s2019-08-14v100.00w2005-05-24yBK c10715d10715